Fazovyje prevraščenija pri termičeskoj obrabotke stali /

Uložené v:
Podrobná bibliografia
Hlavný autor: Blanter, M.E (Autor)
Médium: Kniha
Jazyk:Russian
Vydavateľské údaje: Moskva : Metallurgija, 1962
Predmet:
Tagy: Pridať tag
Žiadne tagy, Buďte prvý, kto otaguje tento záznam!

MARC

LEADER 00000nam a22000003a 4500
001 stu34801
005 20150617225729.5
008 920326s1962----xxr-----------------rus-d
040 |a STU  |b slo 
041 0 |a rus 
044 |a xxr 
080 |a 669.14 
080 |a 621.9.04  |7 stu_us_auth*stu2881 
100 1 |a Blanter, M.E  |4 aut 
245 1 |a Fazovyje prevraščenija pri termičeskoj obrabotke stali /  |c [aut.]M.E. Blanter 
260 |a Moskva :  |b Metallurgija,  |c 1962 
300 |a 268 s 
650 7 |a oceľ  |2 stusub 
650 7 |a obrábanie tepelné  |2 stusub 
996 |b 284M016100  |c M*3911-1  |l MMKN  |s A  |a 24  |w stu34801_0001